000 01213cam a2200229 4500
001 ABS66559
008 030403n2003 000 0 eng u
035 _a(Sirsi) u121894
100 _aSwallow, A.
245 _aScheme's good for environment - and business
260 _c2003
490 _aFarmers' Weekly
_v137(25) 20 December 2003, 36(1)
520 _aReports on the application of a Countryside Stewardship scheme on a Norfolk arable farm, one of the first farms to use the new arable options. Provides a summary of the work carried out by the farmer and emphasises the need for thorough research, planning and preparation of the application. This is because the scheme is for 10 years and the applicant needs to show what benefits will be provided in at least one of four areas: wildlife, landscape, archaeological protection and public access. Details of the scheme can be found at http://www.defra.gov.uk/erdp/schemes/landbased/css/default.htm.
590 _aABS
650 _aCOUNTRYSIDE STEWARDSHIP SCHEMES
650 _aFARMING SUBSIDIES
650 _aARABLE FARMING
650 _aENVIRONMENTAL PROTECTION
650 _aPUBLIC ACCESS
690 _aRURAL-NATURE CONSERVATION
942 _n0
999 _c72445
_d72445